Historia de la filosofía: del mundo romano al Islam medieval
Guardado en:
| Format: | Ukendt |
|---|---|
| Sprog: | Spanish |
| Udgivet: |
Distrito Federal, Mx̌ico
Siglo veintiuno editores
1990
|
| Udgivelse: | 8 ed. |
| Fag: | |
| Tags: |
Tilføj Tag
Ingen Tags, Vær først til at tagge denne postø!
|
MARC
| LEADER | 00000 a2200000 4500 | ||
|---|---|---|---|
| 008 | 190524b ||||| |||| 00| 0 spa d | ||
| 999 | |c 30711 |d 30711 | ||
| 020 | |a 968-23-0224-2 | ||
| 040 | |a cru BVZT | ||
| 090 | |a 100 H-27.1h | ||
| 245 | |a Historia de la filosofía: del mundo romano al Islam medieval |c Brice Parain, director ; Alain Michel, Jean Trouillard, Basile Tatakis, André Neher, Henry Corbin, Osman Yahia, Sayyed Hossein Nasr, colaboradore ; Pilar Muñoz, José María Alvarez, Pilar Lóp̤ez Máñez, traductores | ||
| 250 | |a 8 ed. | ||
| 260 | |a Distrito Federal, Mx̌ico |b Siglo veintiuno editores |c 1990 | ||
| 300 | |a 406 páginas, v.3 | ||
| 650 | 0 | |9 90 |a HISTORIA | |
| 650 | 0 | |9 5 |a FILOSOFÍA | |
| 942 | |c 15 D |h 100 H-27.1h |2 z | ||



